| 000 | 00875 a2200229 4500 | ||
|---|---|---|---|
| 003 | Nust | ||
| 005 | 20170207153356.0 | ||
| 010 | _a 74016781 | ||
| 020 | _a0470576227 | ||
| 040 | _cNust | ||
| 082 | 0 | 0 | _a001.539 |
| 100 | 1 | _aMathai, A. M. | |
| 245 | 1 | 0 |
_aBasic concepts in information theory and statistics : _baxiomatic foundations and applications / _cA. M. Mathai, P. N. Rathie. |
| 260 |
_aNew York : _bWiley, _c[1975] |
||
| 300 |
_ax, 137 p. ; _c24 cm. |
||
| 500 | _aThe Concept of Uncertainty (Page-1), The Concept of Directed Divergence (Page-35), The Concept of Inaccuracy (Page-75), Some Basic Statistical Concepts and Their Cauterizations (Page-87), Some Other Measuring and Inequalities (Page-105), | ||
| 538 | _aAlmirah No.50 Shelf No.2 | ||
| 650 | 0 | _aAxiomatic set theory. | |
| 650 | 0 | _aInformation theory. | |
| 650 | 0 | _aStatistics. | |
| 700 | 1 | _aRathie, P. N., | |
| 942 |
_2ddc _cBK |
||
| 999 |
_c184761 _d184761 |
||